[Event "2 Festival Int. USCIAMO DALLO STALLO"]
[Site "?"]
[Date "2022.01.08"]
[Round "2"]
[White "DORIC, Senad"]
[Black "VIRGITTO, Orazio"]
[Result "1-0"]
[WhiteElo "2053"]
[BlackElo "1771"]
[PlyCount "89"]
[EventDate "2022.01.08"]

1. d4 Nf6 2. c4 e6 3. Nf3 d5 4. Nc3 c6 5. e3 Nbd7 6. Bd3 Bd6 7. O-O O-O 8. b3
Re8 9. Qc2 e5 10. cxd5 cxd5 11. Nb5 Bb8 12. dxe5 Nxe5 13. Be2 Qb6 14. a4 a6 15.
Nbd4 Bg4 16. a5 Qd8 17. Bb2 Bd6 18. Nxe5 Bxe2 19. Nxe2 Bxe5 20. Bxe5 Rxe5 21.
Rfc1 Re4 22. Nd4 Ne8 23. Qc3 Qg5 24. Qb4 Rb8 25. Qb6 h5 26. h3 Qe5 27. Rc3 g5
28. Rac1 g4 29. hxg4 hxg4 30. Ne2 Kg7 31. Ng3 Nf6 32. Nxe4 dxe4 33. Qc7 Qe8 34.
Rc5 Rd8 35. Re5 Qf8 36. Re7 Nd5 37. Qe5+ Kg6 38. Qxe4+ f5 39. Qe6+ Nf6 40. g3
Qh6 41. Qf7+ Kg5 42. Qg7+ Qg6 43. Qxg6+ Kxg6 44. Rxb7 Rd2 45. Rb6 1-0